| 000 | 00462nam a22001817a 4500 | ||
|---|---|---|---|
| 003 | MN-UlNLM | ||
| 005 | 20250122120417.0 | ||
| 008 | 241025s2024 mp ||||| |||| 00| 0 mon d | ||
| 020 | _a9789919036225 | ||
| 040 | _bmon | ||
| 084 |
_2NNA _a84(5Мон)-44 _bЦ 782 _q84 |
||
| 100 | 1 | _aЦоодол Д. | |
| 245 | 0 |
_aХамаатан _cРед. Б.Догмид |
|
| 260 | 1 |
_aУБ _bЖиком пресс _c2024 |
|
| 300 | _a236х | ||
| 546 | _amon | ||
| 942 | _cBK | ||
| 999 |
_c1145482 _d1145539 |
||